000 00351 a2200169 4500
001 69796
020 _a8508092687
040 _cAnchieta - Itaigara
100 _aRedmond, Diane
240 1 0 _aDora Drama
_lpor
245 1 0 _aDora Drama
300 _a47
362 0 _a2004
440 1 _aÁtica
650 4 _aLiteratura infanto-juvenil
942 _cBK
999 _c69796
_d69796